[Event "Hyderabad op 3rd"]
[Site "Hyderabad"]
[Date "2019.08.24"]
[Round "7"]
[White "Ziatdinov, Raset"]
[Black "Vishwanath, Prasad"]
[Result "1-0"]
[WhiteElo "2228"]
[BlackElo "1819"]
[PlyCount "87"]
[EventDate "2019.08.20"]
[EventType "swiss"]
[EventRounds "10"]
[EventCountry "IND"]
[SourceTitle "EXT 2020"]
[Source "ChessBase"]
[SourceDate "2019.10.17"]
[SourceVersion "1"]
[SourceVersionDate "2019.10.17"]
[SourceQuality "1"]

1. e4 c5 2. Nf3 d6 3. d4 cxd4 4. Nxd4 Nf6 5. Nc3 a6 6. Bg5 e6 7. Qe2 Nbd7 8. 0-0-0 Be7 9. f4 Qc7 10. g4 h6 11. Bxf6 Bxf6 12. Bg2 g5 13. f5 Ne5 14. Rhf1 0-0 15. Nf3 Nc4 16. e5 Nxe5 17. Ne4 Bh8 18. Nxe5 Bxe5 19. f6 d5 20. Qd3 Bd7 21. Qh3 Bf4+ 22. Kb1 Kh7 23. Qh5 Qe5 24. h4 dxe4 25. Rxd7 Qxf6 26. Bxe4+ Kg8 27. Bg2 Kh7 28. Bxb7 Rad8 29. Rxd8 Qxd8 30. Bxa6 Kg8 31. hxg5 Bxg5 32. Qh3 Kg7 33. Qf3 Bf6 34. Bd3 Rh8 35. a4 Qe7 36. Qe4 Rb8 37. b3 Rh8 38. Qf4 Ra8 39. Ka2 Rd8 40. a5 Rd5 41. b4 Be5 42. Qe4 Qd7 43. Kb3 Kf8 44. Bc4 1-0

[Event "Hyderabad op 3rd"]
[Site "Hyderabad"]
[Date "2019.08.23"]
[Round "6"]
[White "Vishwanath, Prasad"]
[Black "Ramakrishna, J."]
[Result "1/2-1/2"]
[WhiteElo "1819"]
[BlackElo "2155"]
[PlyCount "61"]
[EventDate "2019.08.20"]
[EventType "swiss"]
[EventRounds "10"]
[EventCountry "IND"]
[SourceTitle "EXT 2020"]
[Source "ChessBase"]
[SourceDate "2019.10.17"]
[SourceVersion "1"]
[SourceVersionDate "2019.10.17"]
[SourceQuality "1"]

1. e4 c5 2. Nf3 Nc6 3. d4 cxd4 4. Nxd4 Nf6 5. Nc3 d6 6. f3 e5 7. Nb3 Be6 8. Be3 Be7 9. Qd2 0-0 10. Nd5 Bxd5 11. exd5 Nb8 12. 0-0-0 a5 13. a4 Na6 14. Bb5 Nc7 15. Bb6 Qc8 16. Bxc7 Qxc7 17. Kb1 Ne8 18. g4 Qd8 19. h4 Nc7 20. c4 f5 21. g5 Nxb5 22. cxb5 Qe8 23. f4 Bd8 24. fxe5 Qxe5 25. Qd4 Qxd4 26. Nxd4 Bb6 27. Ne6 Rf7 28. Rhf1 f4 29. Rxf4 Rxf4 30. Nxf4 Rf8 31. Ne6 1/2-1/2

[Event "Hyderabad op 2nd"]
[Site "Hyderabad"]
[Date "2018.09.20"]
[Round "3"]
[White "Vishwanath, Prasad"]
[Black "Ravi, Teja Sanka"]
[Result "1/2-1/2"]
[WhiteElo "1896"]
[BlackElo "2367"]
[PlyCount "92"]
[EventDate "2018.09.19"]
[EventType "swiss"]
[EventRounds "9"]
[EventCountry "IND"]
[SourceTitle "CBM 186 Extra"]
[Source "ChessBase"]
[SourceDate "2018.08.24"]
[SourceVersion "1"]
[SourceVersionDate "2018.08.24"]
[SourceQuality "1"]

1. e4 c6 2. d4 d5 3. exd5 cxd5 4. Bd3 Nc6 5. c3 Qc7 6. Ne2 Bg4 7. 0-0 e6 8. Qe1 Bxe2 9. Qxe2 Nf6 10. Nd2 Bd6 11. Nf3 0-0 12. Re1 Bf4 13. Ne5 Bxc1 14. Raxc1 Rac8 15. f4 Na5 16. b3 Qb6 17. Qf2 g6 18. g4 Nc6 19. Kh1 Qd8 20. Qh4 h5 21. Nxg6 fxg6 22. Qg5 Rc7 23. gxh5 Ne4 24. Qxg6+ Kh8 25. Bxe4 Rf6 26. Qg2 dxe4 27. Rxe4 Rg7 28. Qf3 Qd6 29. Rg1 Rxg1+ 30. Kxg1 Qa3 31. Re1 Qd6 32. Re4 Qd5 33. c4 Qf5 34. d5 Nd8 35. Qe2 Kh7 36. Re5 Qxf4 37. dxe6 Nc6 38. Qe4+ Qxe4 39. Rxe4 Rf8 40. b4 Nxb4 41. Rd4 Kh6 42. Rd7 Re8 43. Rxb7 Nc6 44. e7 Kxh5 45. Rc7 Nxe7 46. Rxa7 Nf5 1/2-1/2

[Event "India Cities-ch 19th"]
[Site "Khalpara"]
[Date "2018.08.05"]
[Round "7.2"]
[White "Kaustuv, Kundu"]
[Black "Vishwanath, Prasad"]
[Result "1-0"]
[WhiteElo "2351"]
[BlackElo "1872"]
[PlyCount "95"]
[EventDate "2018.08.01"]
[EventType "team-swiss"]
[EventRounds "7"]
[EventCountry "IND"]
[SourceTitle "CBM 186 Extra"]
[Source "ChessBase"]
[SourceDate "2018.08.24"]
[SourceVersion "1"]
[SourceVersionDate "2018.08.24"]
[SourceQuality "1"]
[WhiteTeam "Kolkata City"]
[BlackTeam "Hyderabad"]
[WhiteTeamCountry "IND"]
[BlackTeamCountry "IND"]

1. c4 Nf6 2. Nc3 e6 3. e4 d5 4. e5 Ne4 5. cxd5 Nxc3 6. bxc3 Qxd5 7. Nf3 c5 8. Qa4+ Bd7 9. Qf4 Bc6 10. Ng5 Qd7 11. Ba3 h6 12. Ne4 Qd5 13. Nd6+ Bxd6 14. exd6 Nd7 15. c4 Qe4+ 16. Qxe4 Bxe4 17. f3 Bc6 18. Rd1 e5 19. Bd3 0-0 20. Kf2 b6 21. Rhe1 f5 22. f4 e4 23. Bc2 Nf6 24. d3 exd3 25. Bxd3 Ne4+ 26. Bxe4 fxe4 27. Ke3 Rad8 28. Bb2 a6 29. Be5 Rf7 30. Rb1 Rb7 31. Rb3 g6 32. Reb1 b5 33. cxb5 axb5 34. Rc3 c4 35. a4 Rc8 36. axb5 Bxb5 37. Ra1 Kf7 38. g3 Bd7 39. Kxe4 Rb2 40. Ra7 Ke6 41. h3 Bc6+ 42. Kd4 Rd2+ 43. Kc5 Bd7+ 44. Rc7 Rxc7+ 45. dxc7 Rd3 46. Rxc4 Rxg3 47. Kd4 Kf5 48. Rc6 1-0

[Event "India Cities-ch 19th"]
[Site "Khalpara"]
[Date "2018.08.03"]
[Round "4.2"]
[White "Samyak, Dharewa"]
[Black "Vishwanath, Prasad"]
[Result "0-1"]
[WhiteElo "1160"]
[BlackElo "1872"]
[PlyCount "68"]
[EventDate "2018.08.01"]
[EventType "team-swiss"]
[EventRounds "7"]
[EventCountry "IND"]
[SourceTitle "CBM 186 Extra"]
[Source "ChessBase"]
[SourceDate "2018.08.24"]
[SourceVersion "1"]
[SourceVersionDate "2018.08.24"]
[SourceQuality "1"]
[WhiteTeam "Siliguri Green"]
[BlackTeam "Hyderabad"]
[WhiteTeamCountry "IND"]
[BlackTeamCountry "IND"]

1. e4 b6 2. d3 Bb7 3. Nc3 e6 4. Nf3 d5 5. exd5 exd5 6. Bf4 Bb4 7. Bd2 Nf6 8. a3 Bxc3 9. Bxc3 0-0 10. Be2 c5 11. 0-0 d4 12. Bd2 Nbd7 13. Re1 Qc7 14. h3 Nd5 15. Ng5 h6 16. Ne4 f5 17. Ng3 Ne5 18. c4 dxc3 19. bxc3 Rad8 20. c4 Ne7 21. Bc3 N7g6 22. Bxe5 Nxe5 23. Qc2 f4 24. Ne4 f3 25. gxf3 Nxf3+ 26. Bxf3 Rxf3 27. Re3 Rxe3 28. fxe3 Bxe4 29. dxe4 Qg3+ 30. Qg2 Qxe3+ 31. Kh1 Rd3 32. a4 h5 33. e5 Rd2 34. Qa8+ Kh7 0-1

[Event "India Cities-ch 19th"]
[Site "Khalpara"]
[Date "2018.08.02"]
[Round "2.2"]
[White "Vivek, Kumar"]
[Black "Vishwanath, Prasad"]
[Result "0-1"]
[WhiteElo "1404"]
[BlackElo "1872"]
[PlyCount "136"]
[EventDate "2018.08.01"]
[EventType "team-swiss"]
[EventRounds "7"]
[EventCountry "IND"]
[SourceTitle "CBM 186 Extra"]
[Source "ChessBase"]
[SourceDate "2018.08.24"]
[SourceVersion "1"]
[SourceVersionDate "2018.08.24"]
[SourceQuality "1"]
[WhiteTeam "ARA Attackers"]
[BlackTeam "Hyderabad"]
[WhiteTeamCountry "IND"]
[BlackTeamCountry "IND"]

1. e4 c5 2. Nf3 Nc6 3. d4 cxd4 4. Nxd4 g6 5. Nc3 Bg7 6. Be3 Nf6 7. Bc4 d6 8. f3 0-0 9. Qd2 Bd7 10. 0-0-0 Qa5 11. Bh6 Rfc8 12. Bxg7 Kxg7 13. g4 Ne5 14. Bb3 Nc4 15. Qd3 b5 16. h4 h5 17. gxh5 Nxh5 18. Nde2 Be6 19. f4 b4 20. Nd5 Bxd5 21. exd5 Qc5 22. Rdg1 Qe3+ 23. Qxe3 Nxe3 24. Rh3 Nf5 25. Rf1 Rc5 26. Kd2 a5 27. c3 Nf6 28. cxb4 axb4 29. Rc1 Rac8 30. Rxc5 Rxc5 31. a3 Nxd5 32. Bxd5 Rxd5+ 33. Rd3 Rb5 34. Nd4 Nxd4 35. Rxd4 bxa3 36. bxa3 Rh5 37. a4 Rxh4 38. a5 Kf6 39. a6 Rh2+ 40. Ke3 Ra2 41. Rc4 Rxa6 42. Ke4 e6 43. Rc7 Ra4+ 44. Ke3 e5 45. fxe5+ dxe5 46. Rb7 Ke6 47. Rb6+ Kf5 48. Rb1 g5 49. Rf1+ Rf4 50. Rh1 e4 51. Rh7 f6 52. Rh5 Rf3+ 53. Ke2 Kf4 54. Rh7 Ra3 55. Rb7 Ra2+ 56. Kf1 Kf3 57. Rb1 e3 58. Rc1 Rg2 59. Rc3 Rb2 60. Rc1 g4 61. Ra1 g3 62. Rc1 Rb5 63. Kg1 g2 64. Re1 Rh5 65. Rxe3+ Kxe3 66. Kxg2 f5 67. Kf1 f4 68. Kg1 Kf3 0-1

[Event "India Cities-ch 19th"]
[Site "Khalpara"]
[Date "2018.08.01"]
[Round "1.2"]
[White "Vishwanath, Prasad"]
[Black "Gurjeet, Singh"]
[Result "1-0"]
[WhiteElo "1872"]
[BlackElo "1402"]
[PlyCount "63"]
[EventDate "2018.08.01"]
[EventType "team-swiss"]
[EventRounds "7"]
[EventCountry "IND"]
[SourceTitle "CBM 186 Extra"]
[Source "ChessBase"]
[SourceDate "2018.08.24"]
[SourceVersion "1"]
[SourceVersionDate "2018.08.24"]
[SourceQuality "1"]
[WhiteTeam "Hyderabad"]
[BlackTeam "Ropar"]
[WhiteTeamCountry "IND"]
[BlackTeamCountry "IND"]

1. e4 e5 2. Nf3 Nf6 3. Nc3 Nc6 4. Bc4 Nxe4 5. Nxe4 d5 6. Bxd5 Qxd5 7. Nc3 Qd8 8. h3 Bb4 9. 0-0 0-0 10. d3 Bxc3 11. bxc3 f5 12. Re1 Qf6 13. Qe2 e4 14. dxe4 fxe4 15. Qxe4 Bxh3 16. Ba3 Bf5 17. Qc4+ Rf7 18. Re2 h6 19. Rae1 Kh7 20. Bc5 Rd8 21. Bd4 Nxd4 22. Nxd4 a6 23. Re3 Bg4 24. f3 Bc8 25. a4 b6 26. Nc6 Rd2 27. Ne5 Qg5 28. R3e2 Re7 29. f4 Rxe2 30. Rxe2 Qh5 31. Rd2 Qh4 32. Qe4+ 1-0

[Event "Mumbai Wealth op 3rd"]
[Site "Mumbai"]
[Date "2018.01.05"]
[Round "7"]
[White "Vishwanath, Prasad"]
[Black "Ilamparthi, AR."]
[Result "1-0"]
[WhiteElo "1935"]
[BlackElo "1572"]
[PlyCount "99"]
[EventDate "2017.12.30"]
[EventType "swiss"]
[EventRounds "9"]
[EventCountry "IND"]
[SourceTitle "CBM 182 Extra"]
[Source "ChessBase"]
[SourceDate "2018.02.23"]
[SourceVersion "1"]
[SourceVersionDate "2018.02.23"]
[SourceQuality "1"]

1. e4 c5 2. Nf3 d6 3. d4 cxd4 4. Nxd4 Nf6 5. Nc3 g6 6. Be3 Bg7 7. f3 0-0 8. Qd2 Nc6 9. Bc4 Bd7 10. 0-0-0 Rc8 11. Bb3 Na5 12. Kb1 Nc4 13. Bxc4 Rxc4 14. g4 b5 15. h4 h5 16. gxh5 Nxh5 17. Nde2 b4 18. Nd5 e6 19. Ndf4 Qf6 20. Bd4 Rxd4 21. Nxh5 Qxf3 22. Nxd4 Qxh5 23. Qg5 Qh8 24. h5 Bf6 25. Qg1 Qg7 26. h6 Qh7 27. Nf3 Be7 28. Qxa7 Rd8 29. Qc7 Kf8 30. Rxd6 Ke8 31. Rd2 f6 32. Rhd1 Bf8 33. Rxd7 Qxd7 34. Rxd7 Rxd7 35. Qc8+ Ke7 36. a4 Bxh6 37. Qh8 Bf4 38. Qg7+ Ke8 39. Qxf6 Rf7 40. Qxe6+ Kf8 41. Qxg6 Bc7 42. Ng5 Rd7 43. Ne6+ Ke7 44. Nxc7 Rxc7 45. a5 Rd7 46. a6 b3 47. cxb3 Rd6 48. Qxd6+ Kxd6 49. a7 Kc5 50. a8Q 1-0

[Event "Mumbai Mayors Cup 10th"]
[Site "Mumbai"]
[Date "2017.06.06"]
[Round "4"]
[White "Vishwanath, Prasad"]
[Black "Mohammad Fahad, Rahman"]
[Result "0-1"]
[WhiteElo "1974"]
[BlackElo "2169"]
[PlyCount "55"]
[EventDate "2017.06.04"]
[EventType "swiss"]
[EventRounds "10"]
[EventCountry "IND"]
[SourceTitle "CBM 178 Extra"]
[Source "ChessBase"]
[SourceDate "2017.06.22"]
[SourceVersion "1"]
[SourceVersionDate "2017.06.22"]
[SourceQuality "1"]

1. e4 c5 2. Nf3 Nc6 3. d4 cxd4 4. Nxd4 Qc7 5. Nc3 e6 6. Be3 a6 7. Bd3 Nf6 8. 0-0 Be7 9. f4 d6 10. Qf3 h5 11. h3 Bd7 12. a4 h4 13. Rfb1 Rc8 14. Qf2 Nh5 15. Nxc6 Bxc6 16. b4 Bf6 17. Ra3 Bd7 18. Bb6 Qb8 19. Ne2 e5 20. f5 g6 21. b5 a5 22. Bxa5 gxf5 23. Bb6 d5 24. exf5 e4 25. Qe3 Qe5 26. Bd4 Qe7 27. Nc3 Qxa3 28. Nxd5 0-1

[Event "IND-ch U11 20th"]
[Site "Chennai"]
[Date "2006.11.10"]
[Round "10"]
[White "Vishwanath, Prasad"]
[Black "Srinath, Rao SV"]
[Result "1-0"]
[WhiteElo "2012"]
[BlackElo "1899"]
[PlyCount "95"]
[EventDate "2006.11.04"]
[EventType "swiss"]
[EventRounds "11"]
[EventCountry "IND"]
[SourceTitle "EXT 2010"]
[Source "ChessBase"]
[SourceDate "2010.11.25"]
[SourceVersion "1"]
[SourceVersionDate "2010.11.25"]
[SourceQuality "1"]

1. e4 e6 2. d4 d5 3. Nd2 c5 4. exd5 exd5 5. Ngf3 Nf6 6. Bb5+ Bd7 7. Bxd7+ Nbxd7 8. 0-0 Be7 9. Re1 0-0 10. Nf1 c4 11. Ng3 Re8 12. Ne5 Bd6 13. Bf4 Qc7 14. Nf5 Bxe5 15. dxe5 Nxe5 16. Qd4 Nc6 17. Bxc7 Nxd4 18. Nxd4 Rac8 19. Be5 Ne4 20. Bf4 g5 21. Bg3 h5 22. f3 Nxg3 23. hxg3 a6 24. Nf5 Kf8 25. Nd6 Rxe1+ 26. Rxe1 Rc6 27. Re8+ Kg7 28. Nf5+ Kf6 29. Ne3 d4 30. Nd5+ Kg7 31. Re4 d3 32. cxd3 cxd3 33. Nc3 Rd6 34. b3 d2 35. Kf2 Rc6 36. Rc4 Re6 37. Rd4 Rc6 38. Ne4 d1Q 39. Rxd1 f5 40. Nxg5 Rc2+ 41. Kg1 Kf6 42. Nh3 Rxa2 43. Rd7 b5 44. Nf4 Kg5 45. Rd6 Ra1+ 46. Kh2 Rh1+ 47. Kxh1 h4 48. Rg6# 1-0

[Event "IND-ch U11 20th"]
[Site "Chennai"]
[Date "2006.11.06"]
[Round "4"]
[White "Vishwanath, Prasad"]
[Black "Chakravarthi, YVK"]
[Result "1-0"]
[WhiteElo "2012"]
[BlackElo "1918"]
[PlyCount "73"]
[EventDate "2006.11.04"]
[EventType "swiss"]
[EventRounds "11"]
[EventCountry "IND"]
[SourceTitle "EXT 2010"]
[Source "ChessBase"]
[SourceDate "2010.11.25"]
[SourceVersion "1"]
[SourceVersionDate "2010.11.25"]
[SourceQuality "1"]

1. e4 e6 2. d4 d5 3. Nd2 dxe4 4. Nxe4 Bd7 5. Nf3 Bc6 6. Bd3 Nd7 7. Qe2 Be7 8. c3 Ngf6 9. Neg5 h6 10. Ne4 b6 11. 0-0 Bb7 12. Bf4 0-0 13. Rad1 Nd5 14. Bg3 Qc8 15. h3 a6 16. Ne5 f5 17. Nd2 f4 18. Bh2 Nxe5 19. dxe5 c5 20. Qg4 Rd8 21. Qg6 Kf8 22. Qh7 Ke8 23. c4 Nb4 24. Bg6+ Kd7 25. Ne4+ Kc7 26. Qxg7 Nc6 27. Nd6 Qd7 28. Ne8+ Rxe8 29. Rxd7+ Kxd7 30. Bxe8+ Rxe8 31. Bxf4 Nd4 32. Rd1 Kc7 33. Qf7 Bc6 34. Be3 Nf5 35. g4 Nxe3 36. fxe3 b5 37. Rd6 1-0

[Event "IND-ch U11 20th"]
[Site "Chennai"]
[Date "2006.11.05"]
[Round "3"]
[White "Vasantha Ruba, Varman"]
[Black "Vishwanath, Prasad"]
[Result "0-1"]
[WhiteElo "1843"]
[BlackElo "2012"]
[PlyCount "110"]
[EventDate "2006.11.04"]
[EventType "swiss"]
[EventRounds "11"]
[EventCountry "IND"]
[SourceTitle "EXT 2010"]
[Source "ChessBase"]
[SourceDate "2010.11.25"]
[SourceVersion "1"]
[SourceVersionDate "2010.11.25"]
[SourceQuality "1"]

1. e4 c5 2. Nf3 d6 3. d4 cxd4 4. Nxd4 Nf6 5. Nc3 Nc6 6. Bg5 e6 7. Qd2 Be7 8. 0-0-0 h6 9. Bxf6 Bxf6 10. Ndb5 0-0 11. Nxd6 Qa5 12. Bc4 Rd8 13. f4 Be7 14. e5 Nxe5 15. fxe5 Bg5 16. Qxg5 hxg5 17. Rde1 Qc7 18. Nce4 Bd7 19. Nxg5 Be8 20. Bd3 Qe7 21. h4 Rxd6 22. exd6 Qxd6 23. Kb1 Rd8 24. Rhf1 Qg3 25. Rxe6 f6 26. Ne4 Qxg2 27. Re1 Bf7 28. Re7 Kf8 29. Nc5 Qd5 30. Nb3 Rd7 31. R7e3 a5 32. Nc1 g6 33. Be4 Qb5 34. Bd3 Qb6 35. R3e2 a4 36. a3 Qc5 37. Rf1 Kg7 38. Ref2 Rd6 39. Rg2 Rb6 40. Ka1 Qe5 41. c3 Rd6 42. Rfg1 f5 43. Bc2 f4 44. Nd3 Qe6 45. Nc1 f3 46. Rf2 Qe3 47. Rgf1 Rf6 48. Bd3 Be6 49. Rh2 f2 50. Rfh1 Qxd3 51. Nxd3 f1Q+ 52. Nc1 Qf4 53. Nd3 Qc4 54. Nc1 Rf1 55. Kb1 Qe4+ 0-1

[Event "Asia-ch U12"]
[Site "Tehran"]
[Date "2006.06.30"]
[Round "9"]
[White "Srinivas, Varma P"]
[Black "Vishwanath, Prasad"]
[Result "0-1"]
[WhiteElo "1828"]
[BlackElo "2051"]
[PlyCount "72"]
[EventDate "2006.06.24"]
[EventType "swiss"]
[EventRounds "9"]
[EventCountry "IRI"]
[SourceTitle "CBM 113 Extra"]
[Source "ChessBase"]
[SourceDate "2006.09.14"]
[SourceVersion "1"]
[SourceVersionDate "2006.09.14"]
[SourceQuality "1"]

1. d4 Nf6 2. c4 e6 3. Nc3 Bb4 4. Nf3 b6 5. Bg5 Bb7 6. e3 h6 7. Bh4 Bxc3+ 8. bxc3 d6 9. Bd3 Nbd7 10. 0-0 0-0 11. Nd2 Rc8 12. f4 d5 13. cxd5 exd5 14. Bf5 Bc6 15. Nf3 g6 16. Ne5 gxf5 17. Nxc6 Qe8 18. Qd3 Qe6 19. Ne5 Ne4 20. Rac1 Kh7 21. Qe2 Rg8 22. c4 Nxe5 23. fxe5 Rg4 24. Rf4 Rxf4 25. exf4 c6 26. Be1 Rd8 27. Bf2 dxc4 28. Qxc4 Qxc4 29. Rxc4 c5 30. Be3 b5 31. Rc1 cxd4 32. Bf2 d3 33. Be3 d2 34. Rd1 Rd3 35. Bxd2 Rxd2 36. Rb1 Rxa2 0-1

[Event "Asia-ch U12"]
[Site "Tehran"]
[Date "2006.06.29"]
[Round "8"]
[White "Vishwanath, Prasad"]
[Black "Hosseinipour, Mehdi"]
[Result "1-0"]
[WhiteElo "2051"]
[BlackElo "2128"]
[PlyCount "95"]
[EventDate "2006.06.24"]
[EventType "swiss"]
[EventRounds "9"]
[EventCountry "IRI"]
[SourceTitle "CBM 113 Extra"]
[Source "ChessBase"]
[SourceDate "2006.09.14"]
[SourceVersion "1"]
[SourceVersionDate "2006.09.14"]
[SourceQuality "1"]

1. e4 c5 2. Nf3 d6 3. d4 cxd4 4. Nxd4 Nf6 5. Nc3 a6 6. Be2 e6 7. 0-0 Be7 8. Be3 0-0 9. f4 Qc7 10. a4 Nc6 11. Nb3 b6 12. g4 Bb7 13. g5 Nd7 14. Rf3 Nb4 15. Rh3 Rfd8 16. Bd3 Nf8 17. a5 bxa5 18. Na4 Re8 19. Bb6 Qd7 20. Bxa5 e5 21. f5 Nxd3 22. cxd3 Bc6 23. Nb6 Qa7 24. Rc1 Bb7 25. Kg2 Rab8 26. Qh5 Bd8 27. Nc4 Bxa5 28. Nbxa5 Qd4 29. f6 Bc8 30. Rf3 Ng6 31. Nc6 Rxb2+ 32. Kh1 Qc5 33. Rcf1 Rb7 34. Ne7+ Nxe7 35. fxe7 Rexe7 36. g6 hxg6 37. Qg5 Be6 38. Ne3 a5 39. h4 a4 40. h5 gxh5 41. Rg3 g6 42. Qh6 Qc8 43. Qxh5 a3 44. Kg2 Rb2+ 45. Kf3 Qf8 46. Qh4 Reb7 47. Rh1 f5 48. Rxg6+ 1-0